| 000 | 00382nam a2200145Ia 4500 | ||
|---|---|---|---|
| 008 | 240624s9999 xx 000 0 und d | ||
| 041 | _aeng | ||
| 082 | _a657 NAR | ||
| 100 | _aNARAYANASWAMY R | ||
| 245 | _aFINANCIAL ACCOUNTING A MANAGERIAL PERSPE | ||
| 250 | _a(2nd ed.) | ||
| 260 |
_c2005 _aNew Delhi _bPrentice-Hall of India |
||
| 300 | _axv, : 663 : p. : cm. ; 23 | ||
| 365 | _cRS | ||
| 999 |
_c2539 _d2539 |
||